Loading...
| Fine Arts - Auditory Fine Arts | 6 | 15.00 | 100% | 50% | 0% |
| Fine Arts - Visual Fine Arts | 12 | 18.33 | 92% | 75% | 17% |
| Geography | 4 | 25.00 | 100% | 100% | 50% |
| History - American History | 7 | 14.29 | 100% | 29% | 14% |
| History - Ancient History | 6 | 13.33 | 100% | 33% | 0% |
| History - European History | 4 | 10.00 | 75% | 25% | 0% |
| History - World History | 5 | 14.00 | 100% | 20% | 20% |
| Literature - American Literature | 7 | 15.71 | 100% | 57% | 0% |
| Literature - British Literature | 4 | 10.00 | 100% | 0% | 0% |
| Literature - European Literature | 6 | 10.00 | 100% | 0% | 0% |
| Literature - World Literature | 6 | 13.33 | 67% | 67% | 0% |
| Mythology | 1 | 10.00 | 100% | 0% | 0% |
| Other Academic | 3 | 30.00 | 100% | 100% | 100% |
| Philosophy | 6 | 23.33 | 100% | 67% | 67% |
| Religion | 2 | 15.00 | 100% | 50% | 0% |
| Science - Biology | 4 | 7.50 | 75% | 0% | 0% |
| Science - Chemistry | 6 | 8.33 | 67% | 17% | 0% |
| Science - Other Science | 8 | 13.75 | 100% | 38% | 0% |
| Science - Physics | 5 | 16.00 | 100% | 60% | 0% |
| Social Science | 9 | 18.89 | 89% | 78% | 22% |